[Event "AUTO-BEG-459"]
[Site "http://www.queenalice.com/game.php?id=893028"]
[Date "2011.1.29"]
[Round "1"]
[White "estella"]
[Black "deepink"]
[Result "0-1"]
[WhiteElo "1118"]
[BlackElo "1321"]

1. e4 c6 2. d4 d5 3. Bf4 dxe4 4. Be3 Nf6 5. Nc3 e6 6. f3 Bb4 7. Qd2 O-O 8. a3
Bxc3 9. Qxc3 Bd7 10. f4 Qc7 11. Nh3 Na6 12. Be2 Nd5 13. Qb3 c5 14. Bf2 Qa5+ 15.
c3 Rab8 16. O-O b5 17. dxc5 e3 18. Be1 Nxc5 19. Qa2 Nf6 20. c4 Qa6 21. cxb5 Bxb5
22. Bxb5 Qxb5 23. b4 Nd3 24. Qe2 Nxe1 25. Qxb5 Rxb5 26. Rfxe1 Ng4 27. Rac1 Rd8
28. Ng5 h6 29. Nf3 Rd3 30. h3 Nf2 31. Ne5 Rxa3 32. Nc4 Rb3 33. Rxe3 R5xb4 34.
Kxf2 Rxe3 35. Kxe3 g5 36. fxg5 hxg5 37. Kf3 Kg7 38. Kg4 Kf6 39. Kh5 a5 40. Nxa5
Rh4# 0-1

[Event "AUTO-BEG-459"]
[Site "http://www.queenalice.com/game.php?id=921995"]
[Date "2011.4.5"]
[Round "2"]
[White "Jules_Winnfield86"]
[Black "deepink"]
[Result "1-0"]
[WhiteElo "1863"]
[BlackElo "1426"]

1. d4 Nf6 2. c4 e6 3. Nc3 d5 4. Bg5 Be7 5. Nf3 O-O 6. e3 h6 7. Bh4 Nbd7 8. Be2
c5 9. O-O cxd4 10. Nxd4 Ne5 11. Bxf6 Bxf6 12. cxd5 exd5 13. Qb3 Nc4 14. Bxc4
dxc4 15. Qxc4 Bxd4 16. Qxd4 Qxd4 17. exd4 Bf5 18. Rfe1 Rad8 19. Rad1 g5 20. Re7
Bd7 21. d5 1-0

[Event "AUTO-BEG-459"]
[Site "http://www.queenalice.com/game.php?id=921996"]
[Date "2011.4.5"]
[Round "2"]
[White "deepink"]
[Black "Jules_Winnfield86"]
[Result "0-1"]
[WhiteElo "1426"]
[BlackElo "1861"]

1. e4 e6 2. d4 d5 3. Nc3 Bb4 4. e5 c5 5. a3 Bxc3+ 6. bxc3 Qc7 7. Bb5+ Bd7 8.
Bxd7+ Nxd7 9. Ne2 Rc8 10. O-O cxd4 11. Bb2 dxc3 12. Nxc3 a6 13. Qd4 Ne7 14. Rab1
O-O 15. f4 Nf5 16. Qf2 Qc5 17. Qxc5 Rxc5 18. a4 Rfc8 19. g4 Ne3 0-1

[Event "AUTO-BEG-458"]
[Site "http://www.queenalice.com/game.php?id=939053"]
[Date "2011.5.17"]
[Round "2"]
[White "deepink"]
[Black "Flechaligeira"]
[Result "0-1"]
[WhiteElo "1474"]
[BlackElo "1862"]

1. e4 c5 2. Nf3 Nc6 3. d4 cxd4 4. Nxd4 Nf6 5. Nc3 e5 6. Nb3 Bb4 7. Bd3 d5 8. O-O
Bxc3 9. bxc3 dxe4 10. Bb5 O-O 11. Qe2 Bg4 12. Qe3 Ne7 13. Ba3 Ned5 14. Qg3 Re8
15. Bxe8 Qxe8 16. f3 Nxc3 17. Rf2 e3 18. fxg4 exf2+ 19. Qxf2 Nxg4 20. Qf3 Qc8
21. Nc5 Nb5 22. Bb4 Nd4 23. Qd5 Qf5 24. Qxb7 Ne2+ 0-1

[Event "AUTO-BEG-458"]
[Site "http://www.queenalice.com/game.php?id=939054"]
[Date "2011.5.17"]
[Round "2"]
[White "Flechaligeira"]
[Black "deepink"]
[Result "1-0"]
[WhiteElo "1876"]
[BlackElo "1474"]

1. e4 c5 2. Nf3 d6 3. Bc4 Nf6 4. O-O e5 5. Nc3 Be7 6. d3 Nc6 7. Bg5 O-O 8. h3 h6
9. Bxf6 Bxf6 10. Nd5 Bd7 11. c3 a6 12. a3 b5 13. Ba2 Be6 14. b4 Bxd5 15. Bxd5
Qd7 16. Qe2 Rac8 17. Bxc6 Qxc6 18. Rac1 Rfe8 19. Ne1 cxb4 20. axb4 Bg5 21. Rc2
Re6 22. Nf3 Be7 23. Rfc1 Rg6 24. c4 Qd7 25. c5 dxc5 26. Nxe5 1-0

[Event "AUTO-BEG-458"]
[Site "http://www.queenalice.com/game.php?id=939055"]
[Date "2011.5.17"]
[Round "2"]
[White "deepink"]
[Black "Jules_Winnfield86"]
[Result "0-1"]
[WhiteElo "1475"]
[BlackElo "1871"]

1. e4 e6 2. d4 d5 3. Nc3 Bb4 4. Ne2 dxe4 5. a3 Be7 6. Nxe4 Nf6 7. N4g3 O-O 8.
Bg5 h6 9. Bxf6 Bxf6 10. c3 b6 11. Nf4 Bb7 12. Bd3 Nd7 13. O-O c5 14. d5 exd5 15.
Re1 Qc7 16. Nfh5 Qc6 17. Qg4 Ne5 18. Nxf6+ Qxf6 19. Qh3 Nxd3 0-1

[Event "AUTO-BEG-458"]
[Site "http://www.queenalice.com/game.php?id=939056"]
[Date "2011.5.17"]
[Round "2"]
[White "Jules_Winnfield86"]
[Black "deepink"]
[Result "1-0"]
[WhiteElo "1873"]
[BlackElo "1474"]

1. d4 Nf6 2. c4 e6 3. Nc3 Bb4 4. Qc2 c5 5. dxc5 Bxc5 6. Nf3 Nc6 7. Bg5 O-O 8. e3
h6 9. Bh4 g5 10. Bg3 d5 11. Rd1 Qb6 12. a3 Bd7 13. cxd5 exd5 14. Nxd5 Nxd5 15.
Rxd5 Qa5+ 16. Nd2 Bxe3 17. Rxa5 1-0

[Event "Let's Play Chess!"]
[Site "http://www.queenalice.com/game.php?id=966751"]
[Date "2011.7.30"]
[Round "-"]
[White "adelio"]
[Black "deepink"]
[Result "0-1"]
[WhiteElo "1682"]
[BlackElo "1492"]

1. c4 Nf6 2. b4 e6 3. b5 b6 4. d4 Bb7 5. Nc3 Bb4 6. Bd2 O-O 7. e4 Bxc3 8. Bxc3
Bxe4 9. f3 Bb7 10. g4 d5 11. a4 dxc4 12. Bxc4 Qd6 13. Ra2 Nbd7 14. Rf2 Rfe8 15.
Nh3 Qa3 16. Bb3 Bd5 17. Rb2 Bxb3 18. Rxb3 Qd6 19. Nf2 e5 20. Ne4 Nxe4 21. fxe4
exd4 22. Qxd4 Qxd4 23. Bxd4 Rxe4+ 24. Be3 Rae8 25. Kf2 Rxg4 26. h3 Rxa4 27. Rg1
Ra2+ 28. Kf3 Ne5+ 29. Kf4 Ng6+ 30. Kf3 Re5 31. Rb4 Ra3 32. Re1 h5 33. h4 a5 34.
bxa6 Rxa6 35. Rd4 Rf5+ 36. Kg3 Ra3 37. Rd8+ Kh7 38. Re8 Ne5 39. Kg2 Ng4 40. Bd4
Ra2+ 41. R8e2 Rxe2+ 42. Rxe2 c5 43. Bg1 g5 44. Kg3 gxh4+ 45. Kxh4 Kg6 46. Rg2 f6
47. Be3 b5 48. Bc1 b4 49. Rc2 Ne5 50. Rg2+ Kh7 51. Bb2 Ng6+ 52. Rxg6 Kxg6 53.
Bc1 c4 54. Kg3 b3 55. Bb2 Rf1 56. Kg2 Rb1 57. Bd4 h4 58. Bc3 Rc1 59. Bd4 c3 60.
Kh3 b2 61. Kxh4 b1=Q 62. Bxf6 Qe4+ 63. Kg3 Kxf6 64. Kf2 Rc2+ 65. Kg3 Rg2+ 66.
Kh3 Qg4# 0-1

[Event "Let's Play Chess!"]
[Site "http://www.queenalice.com/game.php?id=966752"]
[Date "2011.7.30"]
[Round "-"]
[White "deepink"]
[Black "adelio"]
[Result "0-1"]
[WhiteElo "1474"]
[BlackElo "1630"]

1. e4 e5 2. Nf3 d6 3. d4 Qe7 4. Bc4 h6 5. O-O Nd7 6. Nc3 Ngf6 7. Re1 g5 8. dxe5
Nxe5 9. Nd5 Nxd5 10. exd5 Bg7 11. Nxe5 dxe5 12. f4 O-O 13. Qh5 Qc5+ 14. Kh1 Qxc4
0-1

[Event "AUTO-INT-2107"]
[Site "http://www.queenalice.com/game.php?id=969430"]
[Date "2011.8.6"]
[Round "1"]
[White "deepink"]
[Black "nunoportugal"]
[Result "1-0"]
[WhiteElo "1479"]
[BlackElo "1411"]

1. e4 e5 2. Nf3 Nc6 3. Bb5 Bd6 4. O-O Nf6 5. Re1 a6 6. Bxc6 dxc6 7. h3 h5 8. d4
Be7 9. Nxe5 Bd6 10. Nf3 Be7 11. e5 Nd5 12. Bd2 c5 13. Nc3 cxd4 14. Nxd4 Nxc3 15.
Bxc3 Bc5 16. e6 fxe6 17. Nxe6 Qxd1 18. Nxc5+ Qxe1+ 19. Rxe1+ Kf7 20. f4 Bf5 21.
Re5 Kf6 22. Rd5+ Ke7 23. Rxf5 b6 24. Ne4 Rh7 25. Kf2 Ke6 26. Re5+ Kd7 27. Ke3 a5
28. a4 h4 29. Ng5 Rh6 30. Rd5+ Kc6 31. Rb5 Re8+ 32. Kd3 Rd6+ 33. Kc4 Re4+ 34.
Nxe4 Rd1 35. Bxg7 Rg1 36. Rg5 Rf1 37. f5 Re1 38. Rg4 Re2 39. Kc3 Kd5 40. Nf6+
Ke5 41. Re4+ Rxe4 42. Nxe4+ Kxf5 43. Kd3 Kf4 44. Bf6 c5 45. c4 Kf5 46. Bxh4 Ke5
47. Bd8 1-0

[Event "AUTO-INT-2107"]
[Site "http://www.queenalice.com/game.php?id=969431"]
[Date "2011.8.6"]
[Round "1"]
[White "nunoportugal"]
[Black "deepink"]
[Result "0-1"]
[WhiteElo "1428"]
[BlackElo "1464"]

1. e4 c6 2. d4 d5 3. e5 Bf5 4. Nf3 e6 5. Bd3 Bxd3 6. Qxd3 Be7 7. Nc3 Nd7 8. h4
h5 9. Bg5 Qc7 10. Bxe7 Nxe7 11. O-O-O a5 12. b3 b5 13. a4 b4 14. Na2 O-O 15. c3
c5 16. dxc5 Nxc5 17. Qc2 Ne4 18. Rd3 bxc3 19. Nxc3 Nxc3 20. Rxc3 Qb6 21. Rc7 Nf5
22. Rc3 d4 23. Rc6 Qb4 24. Rd1 Rfd8 25. Qc4 Qa3+ 26. Kb1 Rab8 27. Rd3 Ne7 28.
Ra6 Rdc8 29. b4 Rxb4+ 30. Qxb4 Qxb4+ 31. Ka1 Rc1+ 32. Ka2 Rc2+ 33. Ka1 Qb2# 0-1

[Event "AUTO-INT-2107"]
[Site "http://www.queenalice.com/game.php?id=969432"]
[Date "2011.8.6"]
[Round "1"]
[White "deepink"]
[Black "hooligan"]
[Result "1-0"]
[WhiteElo "1558"]
[BlackElo "1527"]

1. e4 e5 2. Nf3 f6 3. d4 exd4 4. Nxd4 Bb4+ 5. Bd2 Bc5 6. Qh5+ g6 7. Qxc5 d6 8.
Qc3 c5 9. Nb3 Qe7 10. Bb5+ Bd7 11. Bxd7+ Nxd7 12. O-O Nb6 13. Re1 Na4 14. Qc4
Nb6 15. Qb5+ Nd7 16. Qxb7 Rd8 17. Qxa7 h5 18. Nc3 h4 19. h3 Ne5 20. Qxe7+ Kxe7
21. Nd5+ Ke6 22. Bc3 g5 23. Bxe5 Kxe5 24. a4 g4 25. f4+ Ke6 26. f5+ Ke5 27. a5
Ra8 28. hxg4 h3 29. gxh3 Nh6 30. a6 Rhg8 31. a7 Nxg4 32. hxg4 Rxg4+ 33. Kf2 c4
34. Nd2 Rh4 35. Nxc4+ Kd4 36. Nxd6 Rh2+ 37. Kg3 Rxc2 38. Red1+ Kc5 39. Ra5+ Kxd6
40. Nb6+ Kc7 41. Nxa8+ Kc8 42. Nb6+ Kb7 43. a8=Q+ Kxb6 44. Rd6+ Kc7 45. Qd8+ Kb7
46. Rb6# 1-0

[Event "AUTO-INT-2107"]
[Site "http://www.queenalice.com/game.php?id=969433"]
[Date "2011.8.6"]
[Round "1"]
[White "hooligan"]
[Black "deepink"]
[Result "0-1"]
[WhiteElo "1550"]
[BlackElo "1516"]

1. e4 c5 2. c3 Nc6 3. d3 Nf6 4. f3 d5 5. f4 dxe4 6. f5 Bxf5 7. Na3 e6 8. Nb5 a6
9. Na3 exd3 10. Bd2 Be7 11. Qf3 O-O 12. h4 Bg4 13. Qf4 Bd6 14. Qg5 Bg3# 0-1

[Event "AUTO-INT-2107"]
[Site "http://www.queenalice.com/game.php?id=969434"]
[Date "2011.8.6"]
[Round "1"]
[White "deepink"]
[Black "agsantos"]
[Result "1-0"]
[WhiteElo "1533"]
[BlackElo "1455"]

1. e4 e5 2. Nf3 d6 3. d4 Bg4 4. dxe5 Be7 5. exd6 Qxd6 6. Qxd6 Bxd6 7. Be2 Nc6 8.
O-O O-O-O 9. Re1 Nge7 10. Nc3 h5 11. Be3 h4 12. h3 Bxf3 13. Bxf3 Ne5 14. Be2 Kb8
15. Red1 Nc4 16. Bxc4 Ng6 17. Bxf7 Ne5 18. Bb3 c5 19. Bd5 Be7 20. Bf4 Bf6 21.
Bxe5+ Bxe5 22. a4 a5 23. Rab1 Rhe8 24. Nb5 Re7 25. Rd3 g5 26. Rf3 1-0

[Event "AUTO-INT-2107"]
[Site "http://www.queenalice.com/game.php?id=969435"]
[Date "2011.8.6"]
[Round "1"]
[White "agsantos"]
[Black "deepink"]
[Result "0-1"]
[WhiteElo "1442"]
[BlackElo "1546"]

1. e4 c5 2. Nf3 d6 3. Bb5+ Bd7 4. Nc3 Nf6 5. O-O e6 6. e5 dxe5 7. Nxe5 Bxb5 8.
Nxb5 Nc6 9. Qe2 Be7 10. d3 O-O 11. c4 a6 12. Nxc6 bxc6 13. Nc3 Qc7 14. Bg5 h6
15. Bh4 Rab8 16. b3 Qa5 17. Bg3 Rb7 18. Ne4 Nxe4 19. dxe4 f5 20. exf5 exf5 21.
Rfd1 Bg5 22. Qe6+ Kh8 23. Be5 Re7 24. Bxg7+ Kxg7 0-1

[Event "Let's Play Chess!"]
[Site "http://www.queenalice.com/game.php?id=1061031"]
[Date "2012.5.18"]
[Round "-"]
[White "deepink"]
[Black "carionic"]
[Result "0-1"]
[WhiteElo "1573"]
[BlackElo "1393"]

1. e4 d5 2. exd5 Qxd5 3. Nc3 Qe5+ 4. Be2 c6 5. Nf3 Qh5 6. O-O Nf6 7. d4 Nd5 8.
Ne5 Qh4 9. Nxd5 cxd5 10. Be3 Nc6 11. Nxc6 bxc6 12. Qd3 e6 13. c4 Ba6 14. Qb3 Bd6
15. Qa4 Qxh2# 0-1

[Event "Let's Play Chess!"]
[Site "http://www.queenalice.com/game.php?id=1066407"]
[Date "2012.5.31"]
[Round "-"]
[White "deepink"]
[Black "Savage72"]
[Result "0-1"]
[WhiteElo "1550"]
[BlackElo "1500"]

1. e4 e6 2. d4 d5 3. e5 c5 4. Nf3 Qb6 5. Nc3 Bd7 6. Be2 Nc6 7. dxc5 Bxc5 8. O-O
Nge7 9. Na4 Qa5 10. Nxc5 Qxc5 11. Be3 Qa5 12. a3 Nf5 13. Bd2 Qc7 14. c4 O-O 15.
cxd5 Nxe5 16. dxe6 Nxf3+ 17. Bxf3 Bxe6 18. Re1 Nd4 19. Bc3 Nc6 20. b4 Rad8 21.
Qc2 Nd4 22. Qd3 Nb3 23. Be5 Rxd3 24. Bxc7 Nxa1 25. Rxa1 Bd5 26. Bxd5 Rxd5 0-1

[Event "Let's Play Chess!"]
[Site "http://www.queenalice.com/game.php?id=1066414"]
[Date "2012.5.31"]
[Round "-"]
[White "adelio"]
[Black "deepink"]
[Result "0-1"]
[WhiteElo "1694"]
[BlackElo "1550"]

1. b3 e5 2. e4 Nc6 3. Bb2 Nf6 4. h4 Nxe4 5. d3 Nf6 6. g4 Bc5 7. h5 h6 8. Qe2 d6
9. f3 O-O 10. Nd2 Nd4 11. Bxd4 exd4 12. Qg2 Re8+ 13. Ne2 Bd7 14. Ne4 Bb4+ 15.
Kd1 Nxe4 16. fxe4 Qg5 17. Nxd4 Bxg4+ 18. Ne2 Qd2# 0-1

[Event "Let's Play Chess!"]
[Site "http://www.queenalice.com/game.php?id=1069062"]
[Date "2012.6.7"]
[Round "-"]
[White "deepink"]
[Black "spawnwolfwolverine"]
[Result "0-1"]
[WhiteElo "1572"]
[BlackElo "1739"]

1. e4 e5 2. Nf3 d6 3. d4 exd4 4. Nxd4 Bd7 5. Bd3 Nc6 6. Nxc6 Bxc6 7. O-O Nf6 8.
Nc3 Be7 9. Bd2 O-O 10. Re1 a6 11. Qf3 b5 12. Qh3 Bd7 13. Nd5 Bxh3 0-1

[Event "Let's Play Chess!"]
[Site "http://www.queenalice.com/game.php?id=1069063"]
[Date "2012.6.7"]
[Round "-"]
[White "spawnwolfwolverine"]
[Black "deepink"]
[Result "0-1"]
[WhiteElo "1762"]
[BlackElo "1563"]

1. d4 d5 2. e3 Nf6 3. g3 e6 4. Bg2 Bd6 5. Ne2 O-O 6. O-O c5 7. c3 cxd4 8. Nxd4
Bd7 9. b4 e5 10. Nf3 Nc6 11. a4 e4 12. Nd4 Qe7 13. Nxc6 bxc6 14. Ba3 Rab8 15. f3
c5 16. bxc5 Bxc5 17. Bxc5 Qxc5 18. fxe4 Bg4 19. Qd4 Qxd4 20. exd4 dxe4 21. Rxf6
gxf6 22. Bxe4 Rfe8 23. Nd2 Rb2 24. Nc4 Rb3 25. Nd6 Re6 26. Bf5 Bxf5 27. Nxf5
Rxc3 28. Rb1 Rb6 29. Re1 Re6 30. Rd1 Rf3 31. d5 Re5 32. d6 Rfxf5 33. d7 Rd5 34.
Rxd5 Rxd5 35. d8=Q+ Rxd8 36. a5 Rd6 37. a6 Rxa6 38. h3 f5 39. h4 h5 40. Kg2 Kg7
41. Kf3 Ra4 42. g4 fxg4+ 43. Kg3 f5 44. Kg2 f4 45. Kf2 Ra3 46. Kg2 Ra2+ 47. Kf1
g3 48. Kg1 f3 49. Kf1 Ra1# 0-1

[Event "Let's Play Chess!"]
[Site "http://www.queenalice.com/game.php?id=1120435"]
[Date "2012.11.9"]
[Round "-"]
[White "deepink"]
[Black "dietanov"]
[Result "1-0"]
[WhiteElo "1587"]
[BlackElo "1770"]

1. e4 e5 2. Nf3 Nc6 3. Bb5 Nf6 4. d3 a6 5. Ba4 b5 6. Bb3 Be7 7. O-O O-O 8. c3
Na5 9. Bc2 c5 10. Nxe5 d6 11. Nf3 Bb7 12. Re1 Nc6 13. Bg5 Qc7 14. Nbd2 Ng4 15.
Bxe7 Qxe7 16. h3 Nge5 17. Nxe5 Qxe5 18. Nf3 Qe7 19. d4 cxd4 20. cxd4 Rfe8 21. d5
Ne5 22. Nxe5 dxe5 23. d6 Qd7 24. Qd3 Rac8 25. Rac1 Rc6 26. f4 Rxd6 27. Qg3 Rg6
28. Qf3 exf4 29. Qxf4 Qxh3 30. Qf2 Qg4 31. Bb3 Rf6 32. Qa7 Qd7 33. e5 Qc6 34.
Rxc6 1-0